深圳美食地图 (Record no. 63479)

000 -LEADER
fixed length control field 00492nam a22001817a 4500
003 - CONTROL NUMBER IDENTIFIER
control field MPLRDC
005 - DATE AND TIME OF LATEST TRANSACTION
control field 20220104185752.0
008 - FIXED-LENGTH DATA ELEMENTS--GENERAL INFORMATION
fixed length control field 210129b ||||| |||| 00| 0 eng d
020 ## - INTERNATIONAL STANDARD BOOK NUMBER
International Standard Book Number 962-14-4001-3
082 ## - DEWEY DECIMAL CLASSIFICATION NUMBER
Classification number 690.33 FHH
100 ## - MAIN ENTRY--PERSONAL NAME
Personal name 万里地图制作中心 编著
245 ## - TITLE STATEMENT
Title 深圳美食地图
Statement of responsibility, etc. CANDY WONG 摄影
250 ## - EDITION STATEMENT
Edition statement 一版一刷
260 ## - PUBLICATION, DISTRIBUTION, ETC.
Place of publication, distribution, etc. 香港
Name of publisher, distributor, etc. 万里机构。万里书店
Date of publication, distribution, etc. 2009
300 ## - PHYSICAL DESCRIPTION
Other physical details
650 ## - SUBJECT ADDED ENTRY--TOPICAL TERM
Topical term or geographic name entry element 中国游记--深圳
942 ## - ADDED ENTRY ELEMENTS (KOHA)
Koha item type Book
-- 690.33 FHH
Holdings
Withdrawn status Lost status Source of classification or shelving scheme Damaged status Not for loan Collection code Home library Current library Shelving location Date acquired Cost, normal purchase price Total Checkouts Full call number Barcode Date last seen Date last checked out Price effective from Koha item type Public note
            Malaysian Public Library, Research and Development Centre Malaysian Public Library, Research and Development Centre   17/09/2010 34.80   690.33 FHH 00057670 18/03/2021 11/10/2011 18/03/2021 Book mplrdc

© 2022. Malaysian Public Library, Research and Development Centre. All Right ReservedE-mailmplrdc@help.edu.my 

Powered by Koha